000 00806nam a2200253 i 4500
001 96236
003 ES-MaACL
005 20260526170601.0
007 t|
008 050614s1973 sp ||||1| spa d
020 _a84-7259-016-X
100 1 _aMaestre Alfonso, Juan.
_975395
245 1 0 _aHechos y documentos del anarco-sindicalismo español /
_cJuan Maestre Alfonso.
260 _aMadrid :
_bMiguel Castellote,
_c1973.
300 _a141 p. ;
_c17 cm.
490 1 _aColección de bolsillo básica. Historia ;
_v15
650 7 _aAnarquismo
_2embne
_99783
650 4 _aAnarcosindicalismo
_99778
650 4 _aAnarquismo-
_zEspaña-
_vHistoria.
_9151458
830 1 _aColección de bolsillo básica. Historia ;
_v15
_9232237
852 _aES-MaACL
_jC-53540
942 _2udc
999 _c96236
_d96236